000 004920000a22001210004500
090 _aAs
_bSeriadas
245 1 0 _aDeterminación y notas sobre los Conocephalinae (Orthóptera: Tettigoniidae) presentes en la colección del Museo de Entomología de la Universidad del Valle
041 0 _aEspañol
700 1 _aGonzález, Ranulfo
_992392
100 1 _aMontealegre, Fernando
_97332
942 _cARTICULO
773 1 _tBoletín del Museo de Entomología de la Universidad del Valle
_h1
_q37-44
_d1995
_g3
999 _c15724
_d15724